|
|
|
|
| LEADER |
00000nam0a2200000 4500 |
| 001 |
139510 |
| 005 |
20231031141753.0 |
| 029 |
1 |
0 |
|a RU
|b 126-77
|c МИ
|
| 035 |
|
|
|a (RuTPU)RU\TPU\book\151136
|
| 035 |
|
|
|a RU\TPU\book\151135
|
| 090 |
|
|
|a 139510
|
| 100 |
|
|
|a 20080608d1978 k a0rusy50 ca
|
| 101 |
0 |
|
|a rus
|
| 102 |
|
|
|a RU
|
| 105 |
|
|
|a a l 000zy
|
| 122 |
2 |
|
|a d2007121020
|a d2007121020
|
| 200 |
1 |
|
|a Методика определения метрологических характеристик контрольно-сортировочных автоматов. МИ 126-77
|f Всесоюзный ордена Трудового Красного Знамени научно-исследовательский институт им. Д. И. Менделеева (ВНИИМ)
|
| 205 |
|
|
|a Изд. офиц.
|
| 210 |
|
|
|a Москва
|c Изд-во стандартов
|d 1978
|
| 215 |
|
|
|a 44 с.
|c ил.
|
| 229 |
|
|
|a Утверждена Президиумом научно-технического совета ВНИИМ 18 декабря 1976 г.
|
| 610 |
1 |
|
|a МИ
|
| 610 |
1 |
|
|a методика
|
| 610 |
1 |
|
|a поверки
|
| 610 |
1 |
|
|a операции
|
| 610 |
1 |
|
|a средства
|
| 610 |
1 |
|
|a условия
|
| 610 |
1 |
|
|a метрологические характеристики
|
| 610 |
1 |
|
|a контрольно-сортировочные автоматы
|
| 610 |
1 |
|
|a линейные размеры
|
| 675 |
|
|
|a 531(083)
|v 3
|
| 712 |
0 |
2 |
|a Всесоюзный научно-исследовательский институт метрологии им. Д. И. Менделеева (ВНИИМ)
|c (Ленинград)
|2 stltpush
|3 (RuTPU)RU\TPU\col\12882
|
| 801 |
|
1 |
|a RU
|b 63413507
|c 20080530
|g PSBO
|
| 801 |
|
2 |
|a RU
|b 63413507
|c 20221207
|g PSBO
|
| 942 |
|
|
|c BK
|